000 00337nam a2200109Ia 4500
008 171211s9999 xx 000 0 und d
245 _aHTML5 and CSS: Comprehensive, 7th edition
245 _cDenise M Woods and William J. Dorin
260 _c2012
650 _xWeb Development
856 _uhttp://down.ebook777.com/014/978-1133526148.pdf
999 _c350059
_d350059